[Event "Foment Martinenc op-B 20th"]
[Site "Barcelona"]
[Date "2018.05.26"]
[Round "6"]
[White "Sanchez Oliveras, Oriol"]
[Black "De Lomas Busquets, Alba"]
[Result "0-1"]
[WhiteElo "1592"]
[BlackElo "1456"]
[PlyCount "108"]
[EventDate "2018.04.21"]
[EventType "swiss"]
[EventRounds "9"]
[EventCountry "ESP"]
[SourceTitle "CBM 184 Extra"]
[Source "ChessBase"]
[SourceDate "2018.06.28"]
[SourceVersion "1"]
[SourceVersionDate "2018.06.28"]
[SourceQuality "1"]

1. c4 e5 2. Nc3 Nf6 3. g3 d5 4. cxd5 Nxd5 5. d3 Nc6 6. Bg2 Be6 7. Nf3 Bb4 8. Bd2 0-0 9. 0-0 Re8 10. a3 Nxc3 11. bxc3 Ba5 12. Qb1 Rb8 13. Qb5 a6 14. Qa4 Bb6 15. Rac1 Qd7 16. Ng5 Bg4 17. Qe4 Qf5 18. Qxf5 Bxf5 19. Rfd1 h6 20. Nh3 Bg4 21. Kf1 Rbd8 22. f3 Bh5 23. Nf2 Bg6 24. Ng4 f5 25. Ne3 Na5 26. Rb1 e4 27. d4 exf3 28. Bxf3 f4 29. gxf4 Bxb1 30. Rxb1 Rf8 31. Nd5 Nc4 32. Bc1 Kh8 33. Nxb6 Nxb6 34. Bxb7 Rb8 35. Bxa6 Nd5 36. Rxb8 Rxb8 37. Bd2 Rb2 38. Ke1 Rb1+ 39. Kf2 Rd1 40. Be3 Nxe3 41. Kxe3 Ra1 42. d5 Rxa3 43. Bd3 Rxc3 44. Kd4 Rc1 45. e4 Kg8 46. e5 Kf8 47. e6 Rh1 48. Ke5 Rxh2 49. Bg6 h5 50. d6 cxd6+ 51. Kxd6 Rd2+ 52. Ke5 h4 53. Bf5 Ke7 54. Bg4 Rd3 0-1